Statystyki dla Państwa, które posiadają gwiazdy we fladze

Kliknij tutaj aby rozwiązać quiz!

Ogólne statystyki

  • Ten quiz został rozwiązany 26 razy
    (10 od ostatniego zresetowania)
  • Średni wynik to 32 z 60

Statystyki odpowiedzi

Odpowiedź% Poprawnych
Stany Zjednoczone / USA
100%
Chiny
90%
Australia
80%
Liberia
80%
Nowa Zelandia
80%
Algieria
70%
Chile
70%
Izrael
70%
Maroko
70%
Papua-Nowa Gwinea
70%
Somalia
70%
Tunezja
70%
Turcja
70%
Wietnam
70%
Filipiny
60%
Kamerun
60%
Korea Północna
60%
Kosowo
60%
Kuba
60%
Libia
60%
Mikronezja
60%
Pakistan
60%
Tadżykistan
60%
Uzbekistan
60%
Bośnia i Hercegowina
50%
Brazylia
50%
Burundi
50%
Demokratyczna Republika Konga
50%
Dżibuti
50%
Etiopia
50%
Ghana
50%
Gwinea Bissau
50%
Honduras
50%
Nepal
50%
Republika Środkowoafrykańska
50%
Singapur
50%
Sudan Południowy
50%
Syria
50%
Togo
50%
Wenezuela
50%
Azerbejdżan
40%
Burkina Faso
40%
Jordania
40%
Komory
40%
Mauretania
40%
Republika Zielonego Przylądka
40%
Saint Kitts i Nevis
40%
Samoa
40%
Senegal
40%
Timor Wschodni
40%
Turkmenistan
40%
Tuvalu
40%
Wyspy Świętego Tomasza i Książęca
40%
Dominika
30%
Grenada
30%
Mjanma
30%
Surinam
30%
Wyspy Salomona
30%
Mozambik
10%
Zimbabwe
10%

Rozkład punktacji

Percentyl według liczby udzielonych odpowiedzi

Procent ludzi z każdym wynikiem

Twoja historia wyników

Nie rozwiązałeś tego quizu od ostatniego zresetowania